000 00541nam a2200193Ia 4500
005 20250326141634.0
008 250326s9999 xx 000 0 und d
020 _a0-07-024327
037 _aTextbook
040 _aFMSL
_beng
_cFMSL
041 _aeng
_2eng
084 _aD658(B) NO
_qFMSL
100 _aGreene R
_9744813
245 0 _aImplementing Japanese at techniques
_cGreene R
260 _aNew York
_bNew York, Mc Graw-Hill Pub. co.
_c1990
300 _a291p
942 _cTB
_hD658(B) NO
999 _c1291258
_d1291258